| 000 | 00907nam a2200277Ia 4500 | ||
|---|---|---|---|
| 003 | GCL | ||
| 008 | 140319s9999 xx 000 0 ara d | ||
| 040 |
_aGCL / _cGCL |
||
| 082 | 0 | 4 |
_a819.9 _bج د |
| 100 | 1 | _aجبران خليل جبران | |
| 245 | 1 | 0 |
_aجبران خليل جبران: دمعة وابتسامة / _cجبران خليل جبران |
| 700 | 1 | _aنازك سابا يارد | |
| 260 |
_a[S.N] : _bمؤسسة بحسون للنشر والتوزيع ، _c1992 |
||
| 300 | _a218 ص | ||
| 490 | _a | ||
| 650 | 0 | 4 | _aالادب العربى |
| 650 | 0 | 4 | _aالقصص العربية |
| 650 | 0 | 4 | _aالنقد |
| 650 | 0 | 4 | _aدواوين وقصائد |
| 650 | 0 | 4 | _aمقالات ومحاضرات |
| 650 | 0 | 4 | _aالقصص |
| 650 | 0 | 4 | _aجبران خليل جبران |
| 650 | 0 | 4 | _aتاريخ ونقد |
| 650 | 0 | 4 | _aالبلاغة العربية,العصر الحديث |
| 942 |
_2ddc _cBK |
||
| 999 |
_c48871 _d48871 |
||